000 00441nam a22001337a 4500
008 140207b xxu||||| |||| 00| 0 eng d
050 _aSPC PL8593.Z3 Z3 1955
100 _aZambezi Mission
_98533
245 _aEnglish-Chinyanja Dictionary
_cZambezi mission
260 _aLondon
_bUnited Society for Christian literature
_c1955
300 _a397p. ;
_c17cm.
650 _aEnglish language
_xDictionaries
_xNyanja
_98534
942 _2lcc
_cREFERENCE
999 _c120007
_d120007